LEADER 02809nam0 22004933i 450 001 CAG0669564 005 20170908093256.0 010 $a8889145153 100 $a20090624d2004 ||||0itac50 ba 101 | $aita 102 $ait 181 1$6z01$ai $bxxxe 182 1$6z01$an 200 1 $aMadame Bovary$ecostumi di provincia$fGustave Flaubert$gintroduzione e traduzione di Sandra Teroni 210 $aRoma$cGruppo Editoriale L'Espresso$d©2004 215 $aLIII, 423 p.$d20 cm 225 | $a˜La œbiblioteca di Repubblica$i. Ottocento$v15 300 $aIn custodia 300 $aSuppl. a: La Repubblica. 317 $aProvenienza: Anonimo. $5IT-NA0661 NARRATIVA H1 54. 410 0$1001LO10802786$12001 $a˜La œbiblioteca di Repubblica$i. Ottocento$v15 500 10$aMadame Bovary$3CFI0544541$9CFIV000314$913144 606 $aLetteratura francese$xSec. 19.$2FIR$3NAPC116220$9I 676 $a843$9Letteratura francese. Narrativa$v12 676 $a843.8$9NARRATIVA FRANCESE, 1848-1899$v21 700 1$aFlaubert$b, Gustave$f <1821-1880>$3CFIV000314$4070$0142392 702 1$aTeroni$b, Sandra$3CFIV023261 702 0$aAnonimo$3NAPP000768$4320$5IT-NA0661 NARRATIVA H1 54. 790 0$aPhlōmper$3PUVV339410$zFlaubert, Gustave <1821-1880> 790 0$aFlober$3PUVV339411$zFlaubert, Gustave <1821-1880> 790 1$aTeroni Menzella$b, Sandra$3MILV163655$zTeroni, Sandra 801 3$aIT$bIT-NA0079$c20090624 850 $aIT-NA0611$aIT-BN0077$aIT-NA0537$aIT-NA0299$aIT-NA0206$aIT-AV0126$aIT-NA0661 912 $aCAG0669564 950 0$aBIBLIOTECA MARIA D’APONTE$c1 v.$d 43BIBLIOTECAArmadio 4 0004$e 43 0000004365 B (0023 1 v.$fT $h20090624$i20090624 950 0$aRIBAB - Biblioteca comunale S.Anselmo$d 45GENERALE Coll-Ottocento /15$e 45 0000063705 B 1 v.$fD $h20120303$i20120303 950 0$aBiblioteca Comunale di Villaricca$d 68LETTER. Classici ottocento L 3. n.15$e 68 0000030855 B 1 v.$fD $h20000201$i20000201 950 0$aBiblioteca comunale di Afragola$d AGII S.1.15$e AG 0000127545 $fB $h20151112$i20151112 950 0$aBiblioteca San Francesco$d FAA 25.F. 15$e FA 0000040325 B 1 v.$fD $h20121127$i20121127 950 0$aBiblioteca civica "Can. Marciano De Leo"$c1 v.$d FRB 002. 015$e FR 0000009575 B 1 v.$fT $h20120706$i20120706 950 0$aBiblioteca comunale Domenico Cirillo$d GNNARRATIVA H1 54.$e GN 0000026885 B 1 v.$fD $h20130612$i20130612 977 $a 43$a 45$a 68$a AG$a FA$a FR$a GN 996 $aMadame Bovary$913144 997 $aUNISANNIO LEADER 01077nam0-2200349---450- 001 990009341340403321 005 20110421101313.0 010 $a978-88-343-1718-1 035 $a000934134 035 $aFED01000934134 035 $a(Aleph)000934134FED01 035 $a000934134 100 $a20110412d2009----km-y0itay50------ba 101 0 $aita 102 $aIT 105 $a--------001yy 200 1 $aQuel che resta della conciliazione$elavoro, famiglia, vita privata tra resistenze di genere e culture organizzative$fEgidio Riva 210 $aMilano$cVita e pensiero$d2009 215 $a187 p.$d22 cm 225 1 $aSociologia$iStrumenti 327 1 $aContiene bibl. (pp. 177-187) 610 0 $aLavoro$aItalia$aAspetti sociali 610 0 $aLavoratori$aItalia$aQualit della vita 676 $a306.36$v22$zita 700 1$aRiva,$bEgidio$0510731 801 0$aIT$bUNINA$gRICA$2UNIMARC 901 $aBK 912 $a990009341340403321 952 $a303.36 RIV 1$b5089$fBFS 959 $aBFS 996 $aQuel che resta della conciliazione$9767040 997 $aUNINA LEADER 00956nam a2200265 a 4500 001 991001299769707536 008 020 $a8880860208 035 $ab13351412-39ule_inst 040 $aDip.to di Studi Storici$bita 082 0 $a914.575304929 100 1 $aCaloro, Antonio$0622903 245 10$aGuida di Leuca :$bl'estremo Salento tra storia arte e natura /$cAntonio Caloro ; a cura di Mario Cazzato 260 $aGalatina :$bCongedo,$c1996 300 $a136 p. :$bill. ;$c21 cm 440 3$aLe guide verdi ;$v17 650 4$aLeuca$xGuide 650 4$aLecce$xDintorni$xGuide 700 1 $aCazzato, Mario 907 $a.b13351412$b09-03-22$c07-11-05 912 $a991001299769707536 945 $aLE023 910 CAL 1 1$g1$i2023000075883$lle023$o-$pE6.70$q-$rn$so $t0$u8$v0$w8$x0$y.i1414606x$z07-11-05 996 $aGuida di Leuca$91093427 997 $aUNISALENTO 998 $ale023$b - - $cm$da $e-$fita$git $h0$i0